Štíhly podnik - móda alebo nevyhnutnosť

Budovanie štíhleho podniku. Charakteristika štíhlosti podniku. Premena informácií na znalosti. Štíhla výroba, logistika, administratíva, vývoj. Six Sigma a Teória obmedzení (TOC), dva prístupy s veľmi úzkym vzťahom k štíhlemu podniku.

Saved in:
Bibliographic Details
Main Author: Košturiak, Ján
Format: Book Chapter
Language:Slovak
Subjects:
Tags: Add Tag
No Tags, Be the first to tag this record!

MARC

LEADER 00000naa$a2200000$$$4500
001 0056448
005 20230929122154.0
041 0 |a slo 
044 |a SK 
245 1 0 |a Štíhly podnik - móda alebo nevyhnutnosť  |c Ján Košturiak 
520 |a Budovanie štíhleho podniku. Charakteristika štíhlosti podniku. Premena informácií na znalosti. Štíhla výroba, logistika, administratíva, vývoj. Six Sigma a Teória obmedzení (TOC), dva prístupy s veľmi úzkym vzťahom k štíhlemu podniku. 
610 2 0 |a podnik 
610 2 0 |a výkonnosť 
610 2 0 |a informácie 
610 2 0 |a vedomosti 
610 2 0 |a logistika 
610 2 0 |a výroba 
610 2 0 |a vývoj výrobku 
610 2 0 |a administratíva 
610 2 0 |a riadenie zmien 
100 1 |a Košturiak, Ján